Score 0/23 Timer 04:00
4 Plays Today
% Correct
Ireland
74.3%
Vatican City
73.5%
Italy
70.9%
Germany
64.7%
France
62.5%
Greece
60.1%
Austria
57%
Malta
52.4%
Cyprus
49.2%
Slovakia
45.3%
Finland
40.2%
Estonia
39.7%
% Correct
Spain
39%
San Marino
38.4%
Belgium
38.1%
Portugal
37.8%
Monaco
37.4%
Lithuania
36.5%
Netherlands
34.5%
Andorra
31.6%
Latvia
28.9%
Luxembourg
28.2%
Slovenia
24.7%
Remove Ads.
Support Sporcle.
Get the best of Sporcle when you Go Orange. This ad-free experience offers more features, more stats, and more fun while also helping to support Sporcle. Thank you for becoming a member.

You're not logged in!

Compare scores with friends on all Sporcle quizzes.
OR
Log In

Show Comments

Extras

Top Quizzes Today


Score Distribution

Your Account Isn't Verified!

In order to create a playlist on Sporcle, you need to verify the email address you used during registration. Go to your Sporcle Settings to finish the process.

Report this User

Report this user for behavior that violates our Community Guidelines.

Details: